00618 2200229 4500001002100000005001500021035002000036007000300056008004100059020002200100082001000122084001600132100001700148245006200165250001900227260003100246300004700277650002000324700001600344700001200360990001600372INLIS00000000000003820220514100040 a0010-0522000020ta220514 b 0 ind  a978-602-434-186-2 a372.2 a372.2 IRE b0 aIrene M.J.A.1 aBenda, Hewan, dan Tanaman di Sekitarku 1g /cIrene M.J.A. aKurikulum 2013 aJakarta :bErlangga,c2016 a120 halaman :bilustrasi berwarna ;c26 cm 4aTemarik Terpadu0 aDwi Tyas K.0 aWini K. a00000000040